Observaciones acerca de la exposición de motivos en las sentencias judiciales y sobre otras cuestiones con ellas relacionadas / (Record no. 27044)

MARC details
000 -LEADER
campo de control de longitud fija 00811nam a2200205 i 4500
001 - NÚMERO DE CONTROL
campo de control 27044
003 - IDENTIFICADOR DE NÚMERO DE CONTROL
campo de control ES-MaACL
005 - FECHA Y HORA DE LA ÚLTIMA TRANSACCIÓN
campo de control 20230909063058.0
007 - CAMPO FIJO DE DESCRIPCIÓN FÍSICA--INFORMACIÓN GENERAL
campo de control de longitud fija t|
008 - DATOS DE LONGITUD FIJA--INFORMACIÓN GENERAL
campo de control de longitud fija 030113s1867 sp ||||1| spa d
080 ## - NÚMERO DE LA CLASIFICACIÓN DECIMAL UNIVERSAL
Número de la Clasificación Decimal Universal 347.95.01
100 1# - ENTRADA PRINCIPAL--NOMBRE DE PERSONA
Nombre de persona Arrieta, Laureano de,
Fechas asociadas al nombre 1805-1877
9 (RLIN) 23302
245 10 - MENCIÓN DEL TÍTULO
Título Observaciones acerca de la exposición de motivos en las sentencias judiciales y sobre otras cuestiones con ellas relacionadas /
Mención de responsabilidad, etc. Laureano Arrieta.
260 ## - PUBLICACIÓN, DISTRIBUCIÓN, ETC.
Lugar de publicación, distribución, etc. Madrid :
Nombre del editor, distribuidor, etc. [s.n.],
Fecha de publicación, distribución, etc. 1867 (
Fabricante Imp. de la Revista de Legislación á cargo de J. J. Morales)
300 ## - DESCRIPCIÓN FÍSICA
Extensión 21 p. ;
Dimensiones 20 cm.
500 ## - NOTA GENERAL
Nota general Publicado en la Revista general de legislación y Jurisprudencia (entrega de febrero de 1867)
650 #4 - PUNTO DE ACCESO ADICIONAL DE MATERIA--TÉRMINO DE MATERIA
Término de materia o nombre geográfico como elemento de entrada Motivación judicial.
9 (RLIN) 176290
852 4# - LOCALIZACIÓN
Ubicación ES-MaACL
Número de control de estantería T-140-F-6
Holdings
Estatus retirado Estado de pérdida Estado de daño No para préstamo Colección Biblioteca de origen Biblioteca actual Ubicación en estantería Fecha de adquisición Fuente de adquisición Total de préstamos Signatura topográfica completa Código de barras Visto por última vez Precio de reemplazo Tipo de ítem Koha
        Colección de folletos Biblioteca del Ateneo de Madrid Biblioteca del Ateneo de Madrid Depósito folletos 17/01/2008     T-140-F-6 1027913 23/02/2023 23/02/2023 Folleto